ZZ Revue inzertný štvrťročník

Bibliographic Details
Format: Journal
Language:Slovak
PhysicalDescription:zv. 35 cm
Published: Bratislava Združenie pre zdravie Slovakia 1998-
ISSN:1338-1253
Subjects:
Online Access:http://www.zzsro.sk/inzercia.html

MARC

LEADER 00000cas a2200000 a 4500
001 vtls008881327
003 SK-MaSNL
005 20260228162140.0
008 010207c19989999xo qr|p 0 0 b0slo
022 |a 1338-1253 
035 |a (SVKBB03)vtls000062607 
040 |a SVKBB  |b slo  |c SVKBB  |d SNK  |e AACR2 
041 0 |a slo 
044 |a xo  |c SK 
072 7 |a 613  |x Hygiena. Ľudské zdravie  |2 konspekt 
072 7 |a 616  |x Patológia. Klinická medicína  |2 konspekt 
080 |a 613/614  |2 2011 
080 |a 050  |2 2011 
080 |a 616-084  |2 2011 
080 |a 351.752.17(051)  |2 2011 
210 0 |a ZZ rev. 
222 0 |a ZZ revue 
245 0 0 |a ZZ Revue  |b inzertný štvrťročník 
246 1 3 |a Revue Združenie pre zdravie Slovakia 
247 0 1 |a ZZ Revue  |b periodikum Združenia pre zdravie Slovakia s.r.o. 
247 0 1 |a ZZ Revue  |b štvrťročník Združenia pre zdravie Slovakia s.r.o. 
260 |a Bratislava  |b Združenie pre zdravie Slovakia  |c 1998- 
300 |a zv.  |c 35 cm 
310 |a 2x ročne 
362 0 |a 1998-roč. 1 (2001) ; roč. 10 (2007)-roč.11, č. 3-4 (2008); 2009-č. 1-4 (2014); roč. 6, č. 1-4 (2015)- 
500 |a Názov uvedený v tiráži: Periodikum Združenia pre zdravie Slovakia, s.r.o. ; od 2009?, Revue Združenie pre zdravie Slovakia s.r.o. 
500 |a Vychádza 2x ročne, ale v podnázve je štvrťročník, pretože v jednom čísle sú dva kvartály 
500 |a Reg. č. MK SR: 2315/2000 
500 |a EV 3970/10 
650 0 7 |a zdravie  |2 SNKPH  |9 16322 
650 0 7 |a prevencia ochorení  |2 SNKPH  |9 69501 
655 7 |a časopisy záujmových združení a spolkov  |2 SNKPH  |9 141943 
856 4 1 |u http://www.zzsro.sk/inzercia.html 
910 |a snk 
910 |a svkbb 
999 |c 6945  |d 8875 
952 |0 0  |1 0  |4 0  |7 0  |8 0  |a SNK  |b SNK  |d 2022-01-21  |i snk2022/1072  |l 0  |o snkČSB 6676/9/2018  |p 17A1461910  |r 2026-02-21 20:01:32  |t č. 1-4  |w 2026-02-21  |y PREZ 
952 |0 0  |1 0  |4 0  |7 0  |8 0  |a SNK  |b SNK  |d 2022-01-21  |i snk2022/1073  |l 0  |o snkČSB 6676/10/2019  |p 17A1461911  |r 2026-02-21 20:01:32  |t č. 1-4  |w 2026-02-21  |y PREZ 
952 |0 0  |1 0  |4 0  |7 0  |8 0  |a SNK  |b SNK  |d 2022-01-21  |i snk2022/1074  |l 0  |o snkČSB 6676/11/2020  |p 17A1461912  |r 2026-02-21 20:01:32  |t č. 1-4  |w 2026-02-21  |y PREZ 
952 |0 0  |1 0  |4 0  |7 0  |8 0  |a SNK  |b SNK  |d 2022-01-21  |i snk2022/1075  |l 0  |o snkČSB 6676/9/2018 D1  |p 17A1461913  |r 2026-02-21 20:01:32  |t č. 1-4  |w 2026-02-21  |y PREZ 
952 |0 0  |1 0  |4 0  |7 0  |8 0  |a SNK  |b SNK  |d 2022-01-21  |i snk2022/1076  |l 0  |o snkČSB 6676/10/2019 D1  |p 17A1461914  |r 2026-02-21 20:01:32  |t č. 1-4  |w 2026-02-21  |y PREZ 
952 |0 0  |1 0  |4 0  |7 0  |8 0  |a SNK  |b SNK  |d 2022-01-21  |i snk2022/1077  |l 0  |o snkČSB 6676/11/2020 D1  |p 17A1461915  |r 2026-02-21 20:01:32  |t č. 1-4  |w 2026-02-21  |y PREZ 
952 |0 0  |1 0  |4 0  |7 0  |8 0  |a SNK  |b SNK  |d 2018-06-01  |i snk2018/11985  |l 0  |o snkČSB 6676/2000  |p 17A1325469  |r 2026-02-21 22:05:46  |t č. 1-4  |w 2026-02-21  |y PREZ 
952 |0 0  |1 0  |4 0  |7 0  |8 0  |a SNK  |b SNK  |d 2018-06-01  |i snk2018/11985  |l 0  |o snkČSB 6676/2001  |p 17A1325468  |r 2026-02-21 22:05:46  |t č. 1-4, neúplné  |w 2026-02-21  |y PREZ  |z Chýba č. 1-2 
952 |0 0  |1 0  |3 Spoločne zviazané r. 2009-2010  |4 0  |7 0  |8 0  |a SNK  |b SNK  |d 2018-06-01  |i snk2018/12008  |l 0  |o snkČSB 6676/2009  |p 17A1325467  |r 2026-02-21 22:05:46  |t č. 1-4, neúplné  |w 2026-02-21  |y PREZ  |z Chýba č. 1-2. ; Spoločne zviazané r. 2009-2010 
952 |0 0  |1 0  |3 Spoločne zviazané r. 2009-2010  |4 0  |7 0  |8 0  |a SNK  |b SNK  |d 2018-06-01  |i snk2018/12008  |l 0  |o snkČSB 6676/2010  |p 17A1325466  |r 2026-02-21 22:05:47  |t č. 1-4  |w 2026-02-21  |y PREZ  |z Spoločne zviazané r. 2009-2010 
952 |0 0  |1 0  |3 Spoločne zviazané r. 2011-2012  |4 0  |7 0  |8 0  |a SNK  |b SNK  |d 2018-06-01  |i snk2018/12008  |l 0  |o snkČSB 6676/2011  |p 17A1325465  |r 2026-02-21 22:05:47  |t č. 1-4  |w 2026-02-21  |y PREZ  |z Spoločne zviazané r. 2011-2012 
952 |0 0  |1 0  |3 Spoločne zviazané r. 2011-2012  |4 0  |7 0  |8 0  |a SNK  |b SNK  |d 2018-06-01  |i snk2018/12008  |l 0  |o snkČSB 6676/2012  |p 17A1325464  |r 2026-02-21 22:05:47  |t č. 1-4  |w 2026-02-21  |y PREZ  |z Spoločne zviazané r. 2011-2012 
952 |0 0  |1 0  |3 Spoločne zviazané r. 2013-2017  |4 0  |7 0  |8 0  |a SNK  |b SNK  |d 2018-06-01  |i snk2018/12016  |l 0  |o snkČSB 6676/2013  |p 17A1325463  |r 2026-02-21 22:05:47  |t č. 1-4  |w 2026-02-21  |y PREZ  |z Spoločne zviazané r. 2013-2017 
952 |0 0  |1 0  |3 Spoločne zviazané r. 2013-2017  |4 0  |7 0  |8 0  |a SNK  |b SNK  |d 2018-06-01  |i snk2018/12016  |l 0  |o snkČSB 6676/2015  |p 17A1325462  |r 2026-02-21 22:05:47  |t č. 1-4  |w 2026-02-21  |y PREZ  |z Spoločne zviazané r. 2013-2017 
952 |0 0  |1 0  |3 Spoločne zviazané r. 2013-2017  |4 0  |7 0  |8 0  |a SNK  |b SNK  |d 2018-06-01  |i snk2018/12016  |l 0  |o snkČSB 6676/2016  |p 17A1325461  |r 2026-02-21 22:05:47  |t č. 1-4  |w 2026-02-21  |y PREZ  |z Spoločne zviazané r. 2013-2017 
952 |0 0  |1 0  |3 Spoločne zviazané r. 2013-2017  |4 0  |7 0  |8 0  |a SNK  |b SNK  |d 2018-06-01  |i snk2018/12016  |l 0  |o snkČSB 6676/2017  |p 17A1325460  |r 2026-02-21 22:05:47  |t č. 1-4  |w 2026-02-21  |y PREZ  |z Spoločne zviazané r. 2013-2017 
952 |0 0  |1 0  |3 Spoločne zviazané r. 2013-2017  |4 0  |7 0  |8 0  |a SNK  |b SNK  |d 2018-06-01  |i snk2018/12016  |l 0  |o snkČSB 6676/2014  |p 17A1325459  |r 2026-02-21 22:05:47  |t č. 1-4  |w 2026-02-21  |y PREZ  |z Spoločne zviazané r. 2013-2017 
952 |0 0  |1 0  |4 0  |7 0  |8 0  |a SNK  |b SNK  |d 2018-06-01  |i snk2018/12021  |l 0  |o snkČSB 6676/2000 D1  |p 17A1326278  |r 2026-02-21 22:05:47  |t č. 1-4  |w 2026-02-21  |y PREZ 
952 |0 0  |1 0  |4 0  |7 0  |8 0  |a SNK  |b SNK  |d 2018-06-01  |i snk2018/12021  |l 0  |o snkČSB 6676/2001 D1  |p 17A1326279  |r 2026-02-21 22:05:47  |t č. 1-4, neúplné  |w 2026-02-21  |y PREZ  |z Chýba č. 1-2 
952 |0 0  |1 0  |3 Spoločne zviazané r. 2009-2010  |4 0  |7 0  |8 0  |a SNK  |b SNK  |d 2018-06-01  |i snk2018/12024  |l 0  |o snkČSB 6676/2009 D1  |p 17A1326280  |r 2026-02-21 22:05:50  |t č. 1-4, neúplné  |w 2026-02-21  |y PREZ  |z Chýba č. 1-2. ; Spoločne zviazané r. 2009-2010 
952 |0 0  |1 0  |3 Spoločne zviazané r. 2009-2010  |4 0  |7 0  |8 0  |a SNK  |b SNK  |d 2018-06-01  |i snk2018/12024  |l 0  |o snkČSB 6676/2010 D1  |p 17A1326281  |r 2026-02-21 22:05:50  |t č. 1-4  |w 2026-02-21  |y PREZ  |z Spoločne zviazané r. 2009-2010 
952 |0 0  |1 0  |3 Spoločne zviazané r. 2011-2012  |4 0  |7 0  |8 0  |a SNK  |b SNK  |d 2018-06-01  |i snk2018/12024  |l 0  |o snkČSB 6676/2011 D1  |p 17A1326282  |r 2026-02-21 22:05:50  |t č. 1-4  |w 2026-02-21  |y PREZ  |z Spoločne zviazané r. 2011-2012 
952 |0 0  |1 0  |3 Spoločne zviazané r. 2011-2012  |4 0  |7 0  |8 0  |a SNK  |b SNK  |d 2018-06-01  |i snk2018/12024  |l 0  |o snkČSB 6676/2012 D1  |p 17A1326283  |r 2026-02-21 22:05:50  |t č. 1-4  |w 2026-02-21  |y PREZ  |z Spoločne zviazané r. 2011-2012 
952 |0 0  |1 0  |3 Spoločne zviazané r. 2013-2014,2016-2017  |4 0  |7 0  |8 0  |a SNK  |b SNK  |d 2018-06-01  |i snk2018/12027  |l 0  |o snkČSB 6676/2013 D1  |p 17A1326284  |r 2026-02-21 22:05:50  |t č. 1-4  |w 2026-02-21  |y PREZ  |z Spoločne zviazané r. 2013-2014,2016-2017 
952 |0 0  |1 0  |3 Spoločne zviazané r. 2013-2014,2016-2017  |4 0  |7 0  |8 0  |a SNK  |b SNK  |d 2018-06-01  |i snk2018/12027  |l 0  |o snkČSB 6676/2014 D1  |p 17A1326285  |r 2026-02-21 22:05:50  |t č. 1-4  |w 2026-02-21  |y PREZ  |z Spoločne zviazané r. 2013-2014,2016-2017 
952 |0 0  |1 0  |3 Spoločne zviazané r. 2013-2014,2016-2017  |4 0  |7 0  |8 0  |a SNK  |b SNK  |d 2018-06-01  |i snk2018/12027  |l 0  |o snkČSB 6676/2016 D1  |p 17A1326286  |r 2026-02-21 22:05:50  |t č. 1-4  |w 2026-02-21  |y PREZ  |z Spoločne zviazané r. 2013-2014,2016-2017 
952 |0 0  |1 0  |3 Spoločne zviazané r. 2013-2014,2016-2017  |4 0  |7 0  |8 0  |a SNK  |b SNK  |d 2018-06-01  |i snk2018/12027  |l 0  |o snkČSB 6676/2017 D1  |p 17A1326287  |r 2026-02-21 22:05:51  |t č. 1-4  |w 2026-02-21  |y PREZ  |z Spoločne zviazané r. 2013-2014,2016-2017